Claudio Villa-Nozze d'argento vol. 3-25 anni di successi (Record n. 99674)
[ formato base ]
| 000 -LEADER | |
|---|---|
| fixed length control field | 03781njm a2200589Ia 4500 |
| 001 - CONTROL NUMBER | |
| control field | 24687 |
| 003 - CONTROL NUMBER IDENTIFIER | |
| control field | IT-RoPAU |
| 005 - DATE AND TIME OF LATEST TRANSACTION | |
| control field | 20220918181119.0 |
| 008 - FIXED-LENGTH DATA ELEMENTS--GENERAL INFORMATION | |
| fixed length control field | 131025s9999 xx 000 0 und d |
| 040 ## - CATALOGING SOURCE | |
| Original cataloging agency | IT-RoPAU |
| 040 ## - CATALOGING SOURCE | |
| Transcribing agency | IT-RoPAU |
| 041 ## - LANGUAGE CODE | |
| Language code of text/sound track or separate title | ITALIANO |
| 999 ## - SYSTEM CONTROL NUMBERS (KOHA) | |
| Koha Dewey Subclass [OBSOLETE] | n.d. |
| 100 ## - MAIN ENTRY--PERSONAL NAME | |
| Personal name | AA.VV. |
| 9 (RLIN) | 794 |
| 100 ## - MAIN ENTRY--PERSONAL NAME | |
| Relator term | Autore musica |
| 9 (RLIN) | 11687 |
| 100 ## - MAIN ENTRY--PERSONAL NAME | |
| Miscellaneous information | Codice autore musica SPICS: 12000 |
| 9 (RLIN) | 796 |
| 245 ## - TITLE STATEMENT | |
| Title | Claudio Villa-Nozze d'argento vol. 3-25 anni di successi |
| 250 ## - EDITION STATEMENT | |
| Edition statement | 1a ed. |
| 260 ## - PUBLICATION, DISTRIBUTION, ETC. (IMPRINT) | |
| Place of publication, distribution, etc. | ITALIA |
| 260 ## - PUBLICATION, DISTRIBUTION, ETC. (IMPRINT) | |
| Name of publisher, distributor, etc. | VIS RADIO |
| Date of publication, distribution, etc. | 1975 [1a Ed.:1975] |
| 300 ## - PHYSICAL DESCRIPTION | |
| Extent | DISCO |
| 300 ## - PHYSICAL DESCRIPTION | |
| Dimensions | 41 minuti (Testo: pag.) |
| 500 ## - GENERAL NOTE | |
| General note | 25 anni di successi della canzone italiana |
| 505 ## - FORMATTED CONTENTS NOTE | |
| Formatted contents note | Valzer dell'allegria (3:00) - Albero caduto (4:00) - Letterine del soldato (4:00) - Madonna amore (4:00) - Il torrente (4:00) - Amami se vuoi (4:00) - Aprite le finestre (4:00) - Via maestra (4:00) - La colpa fu (4:00) - Mondina (4:00) - Due teste sul cuscino (4:00) - Vola colomba (4:00) |
| 650 ## - SUBJECT ADDED ENTRY--TOPICAL TERM | |
| Topical term or geographic name as entry element | CANZONE ITALIAN [DISCHI] |
| Relator term | Codice MATERIA SPICS: 9950 |
| 9 (RLIN) | 11688 |
| 700 ## - ADDED ENTRY--PERSONAL NAME | |
| Personal name | Villa Claudio |
| Miscellaneous information | Codice interprete SPICS: 1155 |
| Relator term | Interprete |
| 9 (RLIN) | 11689 |
| 700 ## - ADDED ENTRY--PERSONAL NAME | |
| Personal name | Sarra |
| Miscellaneous information | Codice autore musica SPICS: 13447 |
| Relator term | Autore musica |
| Name of part/section of a work | Valzer dell'allegria - Madonna amore |
| 9 (RLIN) | 11690 |
| 700 ## - ADDED ENTRY--PERSONAL NAME | |
| Personal name | Mari Astro |
| Miscellaneous information | Codice autore SPICS: 13565 |
| Relator term | Autore |
| Name of part/section of a work | Valzer dell'allegria - Madonna amore |
| 9 (RLIN) | 11691 |
| 700 ## - ADDED ENTRY--PERSONAL NAME | |
| Personal name | Delle Grotte |
| Miscellaneous information | Codice autore testo/musica SPICS: 15771 |
| Relator term | Autore testo/musica |
| Name of part/section of a work | Valzer dell'allegria |
| 9 (RLIN) | 11692 |
| 700 ## - ADDED ENTRY--PERSONAL NAME | |
| Personal name | Ruccione Mario |
| Miscellaneous information | Codice autore musica SPICS: 13479 |
| Relator term | Autore musica |
| Name of part/section of a work | Albero caduto |
| 9 (RLIN) | 11693 |
| 700 ## - ADDED ENTRY--PERSONAL NAME | |
| Personal name | Fiorelli Giuseppe |
| Miscellaneous information | Codice autore testo/musica SPICS: 13362 |
| Relator term | Autore testo/musica |
| Name of part/section of a work | Albero caduto |
| 9 (RLIN) | 11694 |
| 700 ## - ADDED ENTRY--PERSONAL NAME | |
| Personal name | Nibert |
| Miscellaneous information | Codice autore musica SPICS: 27528 |
| Relator term | Autore musica |
| Name of part/section of a work | Letterine del soldato |
| 9 (RLIN) | 11695 |
| 700 ## - ADDED ENTRY--PERSONAL NAME | |
| Personal name | Martelli G.Bruno |
| Miscellaneous information | Codice autore SPICS: 14244 |
| Relator term | Autore |
| Name of part/section of a work | Letterine del soldato |
| 9 (RLIN) | 11696 |
| 700 ## - ADDED ENTRY--PERSONAL NAME | |
| Personal name | Castellani A. |
| Miscellaneous information | Codice autore testo/musica SPICS: 19180 |
| Relator term | Autore testo/musica |
| Name of part/section of a work | Letterine del soldato |
| 9 (RLIN) | 11697 |
| 700 ## - ADDED ENTRY--PERSONAL NAME | |
| Personal name | Ciervo |
| Miscellaneous information | Codice autore testo/musica SPICS: 27529 |
| Relator term | Autore musica |
| Name of part/section of a work | Madonna amore |
| 9 (RLIN) | 11698 |
| 700 ## - ADDED ENTRY--PERSONAL NAME | |
| Personal name | Carmi |
| Miscellaneous information | Codice autore musica SPICS: 15776 |
| Relator term | Autore musica |
| Name of part/section of a work | Il torrente |
| 9 (RLIN) | 11699 |
| 700 ## - ADDED ENTRY--PERSONAL NAME | |
| Personal name | Liman |
| Miscellaneous information | Codice autore testo/musica SPICS: 15777 |
| Relator term | Autore testo/musica |
| Name of part/section of a work | Il torrente |
| 9 (RLIN) | 11700 |
| 700 ## - ADDED ENTRY--PERSONAL NAME | |
| Personal name | Panzeri Mario |
| Miscellaneous information | Codice autore musica SPICS: 13372 |
| Relator term | Autore musica |
| Name of part/section of a work | Amami se vuoi |
| 9 (RLIN) | 11701 |
| 700 ## - ADDED ENTRY--PERSONAL NAME | |
| Personal name | Mascheroni Vittorio |
| Miscellaneous information | Codice autore testo/musica SPICS: 13134 |
| Relator term | Autore testo/musica |
| Name of part/section of a work | Amami se vuoi |
| 9 (RLIN) | 11702 |
| 700 ## - ADDED ENTRY--PERSONAL NAME | |
| Personal name | Pinchi (Pinci) (Perotti Pino) |
| Miscellaneous information | Codice autore musica SPICS: 13615 |
| Relator term | Autore musica |
| Name of part/section of a work | Aprite le finestre |
| 9 (RLIN) | 11703 |
| 700 ## - ADDED ENTRY--PERSONAL NAME | |
| Personal name | Panzuti Virgilio |
| Miscellaneous information | Codice autore testo/musica SPICS: 13599 |
| Relator term | Autore testo/musica |
| Name of part/section of a work | Aprite le finestre |
| 9 (RLIN) | 11704 |
| 700 ## - ADDED ENTRY--PERSONAL NAME | |
| Personal name | Cioffi Giuseppe |
| Miscellaneous information | Codice autore musica SPICS: 13578 |
| Relator term | Autore musica |
| Name of part/section of a work | Via maestra |
| 9 (RLIN) | 11705 |
| 700 ## - ADDED ENTRY--PERSONAL NAME | |
| Personal name | Bonagura Enzo |
| Miscellaneous information | Codice autore testo/musica SPICS: 13478 |
| Relator term | Autore testo/musica |
| Name of part/section of a work | Via maestra |
| 9 (RLIN) | 11706 |
| 700 ## - ADDED ENTRY--PERSONAL NAME | |
| Personal name | Gippi |
| Miscellaneous information | Codice autore musica SPICS: 27530 |
| Relator term | Autore musica |
| Name of part/section of a work | La colpa fu |
| 9 (RLIN) | 11707 |
| 700 ## - ADDED ENTRY--PERSONAL NAME | |
| Personal name | Beretta Luciano |
| Miscellaneous information | Codice autore SPICS: 13864 |
| Relator term | Autore |
| Name of part/section of a work | La colpa fu |
| 9 (RLIN) | 11708 |
| 700 ## - ADDED ENTRY--PERSONAL NAME | |
| Personal name | Sciorilli Eros |
| Miscellaneous information | Codice autore testo/musica SPICS: 13521 |
| Relator term | Autore musica |
| Name of part/section of a work | La colpa fu |
| 9 (RLIN) | 11709 |
| 700 ## - ADDED ENTRY--PERSONAL NAME | |
| Personal name | Cherubini Bixio |
| Miscellaneous information | Codice autore musica SPICS: 13442 |
| Relator term | Autore musica |
| Name of part/section of a work | Mondina - Vola colomba |
| 9 (RLIN) | 11710 |
| 700 ## - ADDED ENTRY--PERSONAL NAME | |
| Personal name | Concina Carlo |
| Miscellaneous information | Codice autore musica SPICS: 13632 |
| Relator term | Autore musica |
| Name of part/section of a work | Mondina - Vola colomba |
| 9 (RLIN) | 11711 |
| 700 ## - ADDED ENTRY--PERSONAL NAME | |
| Personal name | Testoni Giancarlo |
| Miscellaneous information | Codice autore musica SPICS: 13524 |
| Relator term | Autore musica |
| Name of part/section of a work | Due teste sul cuscino |
| 9 (RLIN) | 11712 |
| 700 ## - ADDED ENTRY--PERSONAL NAME | |
| Personal name | Rendine Furio |
| Miscellaneous information | Codice autore testo/musica SPICS: 13629 |
| Relator term | Autore testo/musica |
| Name of part/section of a work | Due teste sul cuscino |
| 9 (RLIN) | 11713 |
| 942 ## - ADDED ENTRY ELEMENTS (KOHA) | |
| Koha item type | DISCHI |
| Source of classification or shelving scheme | Dewey Decimal Classification |
| Withdrawn status | Lost status | Damaged status | Not for loan | Home library | Current library | Date acquired | Total Checkouts | Full call number | Date last seen | Price effective from | Koha item type | Public note |
|---|---|---|---|---|---|---|---|---|---|---|---|---|
| Buone Condizioni | Not For Loan | SPICS-MEDIATECA | SPICS-MEDIATECA | 25/10/2013 | 24687 | 25/10/2013 | 25/10/2013 | DISCHI | Progr. Ins.: 5382 / N.Vol.: 1 / Copie: 1 - Copia rara: n.d. / date import: 01.01.2014 - By Epidotti, Trombetti, Vaglietti |